| 000 | 00685nam a22001937a 4500 | ||
|---|---|---|---|
| 005 | 20081102221533.0 | ||
| 008 | 081102t xxu||||| |||| 00| 0 eng d | ||
| 010 | _aENG-84579 | ||
| 020 | _c250.00 (hb) | ||
| 035 | _aEN-68112 | ||
| 082 | _a621.3822 / IMA | ||
| 100 | _aImadabattuni Ravi Kumar | ||
| 245 |
_aA Text book of signals & systems / _cby Imadabattuni Ravi Kumar |
||
| 260 |
_aMumbai _bHimalaya Publishing House |
||
| 260 | _c2006 | ||
| 300 |
_a483p _c24cm |
||
| 942 |
_2ddc _cEN _h621.3822 _mIMA |
||
| 999 |
_c17883 _d17883 |
||